All Ink Game Powers - Statistics

General Stats
  • This quiz has been taken 17 times
    9 since last reset
  • The average score is 24 of 31
Answer Stats
Answer % Correct
Blackflash
100%
Bulldozer
100%
Lightning God
100%
Medic
100%
Phantom Step
100%
Player 100
100%
Player 120
100%
Quicksilver
100%
Reality Jumper
100%
Super Strength
100%
The Doctor
100%
Time Stop
100%
Trickster
100%
Vampire
100%
Weapon Smuggler
100%
Hercules
83%
Sharp Shooter
83%
Ultra Instinct
83%
Coin Flip
67%
Headless Horseman
67%
Parkour Artist
67%
Teleporting Gambit
67%
The Robot
67%
Gun Game
50%
Sabotage
50%
Split Shot
50%
Ammo Drop
33%
Baseball Star
33%
Enforcer
33%
Necromancer
33%
Wind Up
33%
No matching quizzes found
Score Distribution
Percent of People with Each Score
Percentile by Number Answered
Your Score History
You have not taken this quiz since the last reset